000 02135nam a2200613 i 4500
001 35624
003 KOSZ 005
005 20231004145642.0
008 231004s1993 pl a g 001 0apol
015 _aUWD 1993/9155
020 _a8385213066
035 _a991001114039705066
035 _a(PL-WaBN)b10331554-48omnis_nlop
035 _ab10331554
035 _a(OCoLC)69519696
035 _azz2003829689
035 _a(PL)b0000001033155
035 _a(EXLNZ-48OMNIS_NETWORK)9910315643405606
040 _aWA N
_cWA N
_dKOSZ 005/RW
045 _bd1840
_bd1882
046 _k1993
080 _a94(438).072
080 _a323.3-058.12
080 _a37.091.12
080 _a929-051(438)
100 1 _aŁoś, Józef
_d(1811-post 1882)
_eAutor
245 1 0 _aNa paryskim i poznańskim bruku :
_bz pamiętnika powstańca tułacza i guwernera 1840-1882 /
_cJózef Łoś ; wstęp i opracowanie Krystyna Nizio.
260 _aKórnik :
_bBiblioteka Kórnicka Polskiej Akademii Nauk,
_c1993.
300 _a328, [4] stron, [4] strony złożone :
_bfotografie, portrety ;
_c21 cm.
336 _aTekst
_btxt
_2rdacontent
337 _aBez urządzenia pośredniczącego
_bn
_2rdamedia
338 _aWolumin
_bnc
_2rdacarrier
380 _aKsiążki
380 _aLiteratura faktu, eseje, publicystyka
388 1 _a1901-2000
388 1 _a1989-2000
490 1 _aBiblioteka / Polska Akademia Nauk
504 _aIndeks.
600 1 7 _aŁoś, Józef
_d(1811-post 1882)
_2DBN
648 7 _a1801-1900
_2DBN
650 7 _aArystokracja
_2DBN
650 7 _aNauczyciele
_2DBN
650 7 _aPolacy za granicą
_2DBN
651 7 _aFrancja
651 7 _aPolska
655 7 _aPamiętniki polskie
_2DBN
658 _aHistoria
700 1 _aNizio, Krystyna
_d(1928-1990)
_eOpracowanie
710 2 _aBiblioteka Kórnicka
_4pbl
830 0 _aBiblioteka (Polska Akademia Nauk)
856 _uhttp://koha.tu.koszalin.pl/cgi-bin/koha/opac-detail.pl?biblionumber=35624
_yKatalog online BPK
942 _2UKD
_cKS
999 _c35624
_d35624